| 000 | 00688cam a2200205 a 4500 | ||
|---|---|---|---|
| 001 | 000024978 | ||
| 005 | 20260114121206.0 | ||
| 008 | 901219s1994 sp 000 | spa d | ||
| 040 |
_aDO-SdBNP _bspa _cBNPHU |
||
| 082 |
_a370.115 _bA921c |
||
| 100 | 1 |
_aAugier , Philippe _951254 |
|
| 245 | 1 | 3 |
_aEl ciudadano soberano : _beducación para la democracia / _cPhilippe Augier. |
| 260 |
_a[Francia] : _bUNESCO, _c1994. |
||
| 300 |
_a110 p. ; _c21 cm. |
||
| 504 | _aBibliografías : p. 104-108 | ||
| 500 | _aIncluye referencias bibliográficas y notas al pie de las páginas | ||
| 650 | 4 |
_aEducación social _951255 |
|
| 650 | 0 |
_aEducación y estado _951256 |
|
| 650 | 0 |
_aEducación cívica _91206 |
|
| 999 |
_c24471 _d24471 |
||